000 00787nam a2200253 a 4500
001 50726
003 BD-RjUL
005 20211209075544.0
008 160828s1965 nyua b 000 0 eng
035 _a(BD-RjUL)50846
040 _aDLC/ICU
_cICU
_dDLC
_dBD-RjUL
_beng
041 _aeng
082 0 0 _223
_a514.24
_bHIH 1965
100 1 _aHilton, Peter,
_d1923-2010.
_9138660
245 1 0 _aHomotopy theory and duality /
_cby Peter Hilton.
260 _aNew York :
_bGordon and Breach,
_cc1965.
300 _ax, 224 p.
_billus.
_c24 cm.
504 _aIncludes bibliography: p. 219-221.
650 0 _aHomotopy theory.
_9138202
650 0 _aDuality theory (Mathematics)
_9151882
942 _2ddc
_cBK
999 _c50726
_d50726